000 00469nam a22001697a 4500
005 20251108175359.0
008 250721s2015 xx 000 0 ara d
082 1 4 _a920.71/تل
100 1 _aالتل، احمد يوسف
245 1 0 _aمحطات عبر الزمن /
264 1 _aعمان :
_bالصايل للنشر والتوزيع،
_c2015.
300 _a370 ص.
650 1 7 _aالتراجم
650 1 7 _aالأردن
942 _2ddc
_cBK
999 _c132761
_d132761